Top 15 des pays qui produisent le plus de films - Statistiques

Statistiques générales
  • Ce quiz a été pris 188 fois
  • Le résultat moyen est 12 sur 15
Statistiques - réponses
Film /Année Pays % Correct
660 États-Unis
100%
300 France
99%
1986 Inde
98%
927 Chine
95%
594 Japon
95%
233 Allemagne
90%
241 Espagne
89%
285 Royaume-Uni
89%
173 Italie
88%
176 Mexique
82%
160 Brésil
81%
494 Corée du Sud
78%
220 Argentine
65%
148 Turquie
50%
997 Nigéria
30%
Aucun quiz correspondant
Distribution des résultats
% des personnes avec chaque résultat
Percentile par nombre de réponses
Votre historique - résultats
Vous n’avez pas pris ce quiz